Home Print Resources E-Books E-Journals IIMT Lecture Series Library Membership Form Book Recommendation Form Campus Tour Take AdmissionAbout Us Contact Us

Computer Organization & Architecture (Record no. 5300)

000 -LEADER
fixed length control field 00358nam a2200157Ia 4500
003 - CONTROL NUMBER IDENTIFIER
control field OSt
005 - DATE AND TIME OF LATEST TRANSACTION
control field 20240101072448.0
008 - FIXED-LENGTH DATA ELEMENTS--GENERAL INFORMATION
fixed length control field 170524s9999 xx 000 0 und d
020 ## - INTERNATIONAL STANDARD BOOK NUMBER
International Standard Book Number 9788120329621
040 ## - CATALOGING SOURCE
Transcribing agency IIMT UNIVERSITY
100 ## - MAIN ENTRY--PERSONAL NAME
Personal name Stalling W
245 #0 - TITLE STATEMENT
Title Computer Organization & Architecture
260 ## - PUBLICATION, DISTRIBUTION, ETC.
Name of publisher, distributor, etc. PHI
260 ## - PUBLICATION, DISTRIBUTION, ETC.
Date of publication, distribution, etc. 2008
942 ## - ADDED ENTRY ELEMENTS (KOHA)
Source of classification or shelving scheme
Koha item type Book Bank
Holdings
Withdrawn status Lost status Source of classification or shelving scheme Damaged status Not for loan Home library Current library Date acquired Barcode Date last seen Price effective from Koha item type Public note
          IIMT University Central Library Meerut IIMT University Central Library Meerut 05/30/2017 01-B-43899 05/30/2017 05/30/2017 Reference Book Engineering Departmental Library books
          IIMT University Central Library Meerut IIMT University Central Library Meerut 05/30/2017 01-B-43900 05/30/2017 05/30/2017 Book Bank  
          IIMT University Central Library Meerut IIMT University Central Library Meerut 05/30/2017 01-B-43901 05/30/2017 05/30/2017 Book Bank  
          IIMT University Central Library Meerut IIMT University Central Library Meerut 05/30/2017 01-B-43902 05/30/2017 05/30/2017 Book Cost Paid Write off (Book cost paid to Account Department) in old SAMS data
          IIMT University Central Library Meerut IIMT University Central Library Meerut 05/30/2017 01-B-43903 05/30/2017 05/30/2017 Book Bank  
IIMT, Central Library. All Rights Reserved IIMT,UNIVERSITY © 2023
Implemented and Customised by I CLOUDE EMS
You Are OPAC Visitor No
free web counter

Powered by Koha